Reimagining medical education : (Record no. 99048)

MARC details
000 -LEADER
fixed length control field 01180nam a22003377a 4500
003 - CONTROL NUMBER IDENTIFIER
control field URS
005 - DATE AND TIME OF LATEST TRANSACTION
control field 20260406115149.0
008 - FIXED-LENGTH DATA ELEMENTS--GENERAL INFORMATION
fixed length control field 260314b |||||||| |||| 00| 0 eng d
020 ## - INTERNATIONAL STANDARD BOOK NUMBER
International Standard Book Number 978-0-44328-671-1
040 ## - CATALOGING SOURCE
Transcribing agency URS
Language of cataloging English
Description conventions rda
050 00 - LIBRARY OF CONGRESS CALL NUMBER
Classification number R735
Item number .R2736 2025
245 00 - TITLE STATEMENT
Title Reimagining medical education :
Remainder of title the future of health equity and social justice /
Statement of responsibility, etc Eduardo Bonilla-Silva...[and eight others].
250 ## - EDITION STATEMENT
Edition statement 1st edition.
264 ## - PUBLICATION, DISTRIBUTION, ETC. (IMPRINT)
Place of publication, distribution, etc New York :
Name of publisher, distributor, etc Elsevier,
Date of publication, distribution, etc ©2025.
300 ## - PHYSICAL DESCRIPTION
Extent xi, 238 pages :
Other physical details illustrations ;
Dimensions 24 cm.
336 ## - CONTENT TYPE
Content type term text
Content type code txt
Source rdacontent
337 ## - MEDIA TYPE
Media type term unmediated
Media type code n
Source rdamedia
338 ## - CARRIER TYPE
Carrier type term volume
Carrier type code nc
Source rdacarrier
504 ## - BIBLIOGRAPHY, ETC. NOTE
Bibliography, etc Includes bibliographical references and index.
650 #0 - SUBJECT ADDED ENTRY--TOPICAL TERM
Topical term or geographic name as entry element Medical education.
9 (RLIN) 1253
650 #0 - SUBJECT ADDED ENTRY--TOPICAL TERM
Topical term or geographic name as entry element Health equity.
9 (RLIN) 6718
700 ## - ADDED ENTRY--PERSONAL NAME
Personal name Bonilla-Silva, Eduardo,
Relator term author.
9 (RLIN) 6714
700 ## - ADDED ENTRY--PERSONAL NAME
Personal name Haozous, Emily A.,
Relator term author.
9 (RLIN) 6715
700 ## - ADDED ENTRY--PERSONAL NAME
Personal name Kayingo, Gerald,
Relator term author.
9 (RLIN) 6716
700 ## - ADDED ENTRY--PERSONAL NAME
Personal name Meeks, Lisa,
Relator term author.
9 (RLIN) 6717
700 ## - ADDED ENTRY--PERSONAL NAME
Personal name Núñez, Ana
Relator term author.
700 ## - ADDED ENTRY--PERSONAL NAME
Personal name Oyeyemi, Toyese
Relator term author.
700 ## - ADDED ENTRY--PERSONAL NAME
Personal name Southerland, Janet
Relator term author.
700 ## - ADDED ENTRY--PERSONAL NAME
Personal name Sukhera, Javeed,
Relator term author.
942 ## - ADDED ENTRY ELEMENTS (KOHA)
Source of classification or shelving scheme Library of Congress Classification
Koha item type Reserved Books
Holdings
Withdrawn status Lost status Source of classification or shelving scheme Damaged status Not for loan Collection code Home library Current library Shelving location Date acquired Source of acquisition Cost, normal purchase price Total Checkouts Full call number Barcode Date last seen Copy number Cost, replacement price Price effective from Koha item type
    Library of Congress Classification     Non-fiction Taytay College Library Taytay College Library Medicine Collection 03/14/2026 Purchased 5103.00   R735 .R2736 2025 URSTAY-6049 03/14/2026 1 5103.00 03/14/2026 Reserved Books

University of Rizal System
Email us at univlibservices@urs.edu.ph

Visit our Website www.urs.edu.ph/library